De la libertad del comercio
Saved in:
| Hovedforfatter: | |
|---|---|
| Format: | Bog |
| Sprog: | spansk |
| Udgivet: |
Sevilla
Establecimiento Tipográfico
1843
|
| Fag: | |
| Tags: |
Tilføj Tag
Ingen Tags, Vær først til at tagge denne postø!
|
MARC
| LEADER | 00000nam a2200000 a 4500 | ||
|---|---|---|---|
| 001 | UCR2387 | ||
| 003 | CL-VaPUC | ||
| 005 | 20220825151232.0 | ||
| 008 | 980112e18430000SP |||||||||||||||||spa|d | ||
| 999 | |c 265555 |d 265553 | ||
| 040 | |c Pontificia Universidad Católica de Valparaíso | ||
| 082 | 0 | 4 | |a 330.9 |b MOR |2 21 |
| 100 | |a Mora, José Joaquín de |e autor |9 867128 | ||
| 245 | 1 | 0 | |a De la libertad del comercio |
| 260 | |a Sevilla |b Establecimiento Tipográfico |c 1843 | ||
| 300 | |a 236 p | ||
| 583 | |a last modification |c 19980112 00:00:00 |k Rodrigo Vera | ||
| 650 | 0 | |a Comercio |9 255341 | |
| 650 | 0 | |a Economía |9 255568 | |
| 650 | 0 | |a Libertad |9 255686 | |
| 650 | 0 | |a Precios |9 260787 | |
| 650 | 0 | |a Regulación económica |9 400177 | |
| 650 | 0 | |a Derecho comercial |9 256340 | |
| 942 | |c BK |2 ddc | ||
| 945 | |d 19980112 00:00:00 |a cmena | ||
| 952 | |0 0 |1 0 |4 0 |6 330_900000000000000_MOR_1843 |7 0 |8 DER_HIS |9 296530 |a BIBDER |b BIBDER |d 2019-11-20 |i 1923633 |o 330.9 MOR 1843 |p 1923633 |r 2023-01-25 |w 2019-11-20 |x Ubicación 4to Piso |y BK_X |z Estos recursos deben solicitarse con anticipación |k DER | ||